000 01062nam0a22002651 4500
001 rc\3035768
005 20250806201757.0
035 _a(NLR Aleph) 007176396
090 _a12428
_c12428
100 _a20111004d1945 u y0rusy50 ca
101 0 _arus
102 _aRU
105 _ay z |||||
200 1 _aТехнические указания по ведению севооборотов в колхозах хлопководческих районов Туркменской ССР
_e[Утв. НКЗ СССР 10/VIII 1945 г.]
_fНаркомзем ТССР. Упр. землеустройства
210 _aАшхабад
_cТГИЗ
_d1945
_gтип. Полиграфкомбинат
215 _a16 с.
_d14 см
300 _aБез тит. л.
712 0 1 _aТССР
_bУправление землеустройства
_4570
801 0 _aRU
_bNLR
_gpsbo
801 1 _aRU
_bELAR
_2rusmarc
852 _aNLR
_bС
_j30 Г-2/118
942 _cBOOK
945 _aРоссийская национальная библиотека
980 _aNB
980 _aBV